01603nam a2200445 i 4500001000700000003000800007005001700015006001900032007001500051008004100066020001800107020002700125035002300152035002400175035002500199035002100224040003100245050002300276080000700299082001700306100002800323245010300351264004000454300004100494336003100535337003300566338004300599490004200642500002200684504002900706588012500735650003200860650002600892650004000918650003100958655002700989700003601016830004301052856006201095143594FlNmELB20241217181759.0m o d | cr cnu||||||||150406s2014 sp ob 001 0 spa d z9788420684116 a9788420685786 (e-book) a(MiAaPQ)EBC3228258 a(Au-PeEL)EBL3228258 a(CaPaEBR)ebr11028857 a(OCoLC)992021492 aFINmELBbspaerdacFINmELB 4aLC1031b.P979 2014 a370 a372.12642231 aPuig Rovira, Josep M®.10aCompetencia en autonomía e iniciativa personal /cJosep M.® Puig Rovira, Xus Martín García. 1aMadrid :bAlianza Editorial,c2014. a1 recurso en línea (191 páginas) atextobtxt2rdacontent/spa acomputadorabc2rdamedia/spa arecurso en líneabcr2rdacarrier/spa1 aCompetencias básicas en educación aIncluye índice. aContiene bibliografía. aDescripción basada en recurso en línea; Título de la página del título en PDF (e-libro, visto April 06, 2015). 0aCompetency based education. 0aAutonomy (Psychology) 4aEducación basada en competencias. 4aAutonomía (Psicología) 4aLibros electrónicos.1 aMartín García, Xus,eautor. 0aCompetencias básicas en educación.40uhttps://elibro.net/ereader/politecnicointernacional/45389